Most Famous Marvel Villians - Statistics

General Stats
  • This quiz has been taken 268 times
  • The average score is 11 of 15
Answer Stats
Hint Answer % Correct
Thor's brother Loki
96%
Robotic villian who was in the latest avengers movie Ultron
95%
Captain America's arch enemy Red Skull
93%
One of Spiderman's enemies who flies around on a little plane Green Goblin
92%
Another one of Spiderman's enemies who is made out of sand Sandman
91%
Big villain who has been in the ending of the last two avenger movies. Thanos
90%
Silver Surfer works for him, and he is called "the eater of worlds" Galactus
78%
Spiderman's arch enemy Venom
76%
Villain who was in Guradians of the Galaxy, he carries a big hammer Ronan
65%
Wolverine's arch enemy Sabretooth
58%
Iron Man's arch enemy Mandarin
55%
Robotic villain who wears a green hoodie and can shoot electricity. Doctor Doom
51%
Villain who was also in Guardians of the Galaxy who carries two swords Nebula
45%
Skeleton with a white hood and a sword. Taskmaster
40%
Silver warrior who fights with a sword Silver Samurai
30%
No matching quizzes found
Score Distribution
Percent of People with Each Score
Percentile by Number Answered
Your Score History
You have not taken this quiz